Brno. III. díl, Průmyslové město /

Hlavní autor: Vyskočil, Aleš, 1973-
Jazyk: Čeština
Vydáno: Praha ; Litomyšl : Paseka, 2014
Vydání: Vyd. 1.
Edice: Zmizelá Morava
Témata:
Externí odkaz: Digitalizovaný dokument
Fyzický popis: 103 s., [72] s. obr. příl. : il., mapy, plány ; 21 cm
Knihy
Uloženo v:
LEADER 02317nam a2200589 a 4500
001 nkc20142648480
003 CZ PrNK
005 20170420105511.0
007 ta
008 141202s2014 xr abefe 000 0 cze
015 |a cnb002648480 
020 |a 978-80-7185-916-1  |q (soubor ;  |q váz.) 
020 |a 978-80-7432-553-3  |q (váz.) 
035 |a (OCoLC)903090445 
040 |a BOA001  |b cze  |d ABA001 
043 |a e-xr---  |b e-xr-jm  |2 czenas 
072 7 |a 94(437)  |x Dějiny Česka a Slovenska  |2 Konspekt  |9 8 
080 |a 913:94  |2 MRF 
080 |a 711.454  |2 MRF 
080 |a 338.45(091)  |2 MRF 
080 |a 94(437.322)  |2 MRF 
080 |a (048.8)  |2 MRF 
080 |a (084.12)  |2 MRF 
100 1 |a Vyskočil, Aleš,  |d 1973-  |7 jo2006333727  |4 aut 
245 1 0 |a Brno.  |n III. díl,  |p Průmyslové město /  |c Aleš Vyskočil 
246 3 0 |a Průmyslové město 
250 |a Vyd. 1. 
260 |a Praha ;  |a Litomyšl :  |b Paseka,  |c 2014 
300 |a 103 s., [72] s. obr. příl. :  |b il., mapy, plány ;  |c 21 cm 
490 1 |a Zmizelá Morava 
504 |a Obsahuje bibliografie 
650 0 7 |a historický místopis  |7 ph137052  |z Česko  |2 czenas 
650 0 7 |a průmyslová města  |7 ph317153  |z Česko  |2 czenas 
650 0 7 |a dějiny průmyslu  |7 ph488969  |z Česko  |2 czenas 
650 0 9 |a historical topography  |z Czechia  |2 eczenas 
650 0 9 |a industrial towns  |z Czechia  |2 eczenas 
650 0 9 |a history of industry  |z Czechia  |2 eczenas 
651 7 |a Brno (Česko)  |7 ge134084  |x dějiny  |2 czenas 
651 9 |a Brno (Czechia)  |x history  |2 eczenas 
655 7 |a přehledy  |7 fd133202  |2 czenas 
655 7 |a fotografické publikace  |7 fd132276  |2 czenas 
655 9 |a surveys  |2 eczenas 
655 9 |a photographical works  |2 eczenas 
830 0 |a Zmizelá Morava  |0 s 
856 4 1 |u http://www.digitalniknihovna.cz/mzk/uuid/uuid:cbadebcc-1e17-11f1-a322-f6d16af1732f  |y Digitalizovaný dokument  |x NDK 
910 2 |a BOA001  |b 2-1204.836,3 
990 |a BK 
995 |a 01 
991 |b 201501  |c NOV  |e n 
996 6 |b 2610614608  |c 2-1204.836,3  |l MZK  |r Sklad / do 1 hodiny  |n 21  |p p.v.  |w 001476676  |u 000010  |a 1  |e BOA001  |j MZK50  |s P 
996 7 |b 2610623462  |c 2-1204.836,3  |l Vol.výběr  |r VV 1p  |n 37  |p dar  |h 94(437.32) BRN  |w 001476676  |u 000020  |a 0  |e BOA001  |j MZK50  |s A 
996 7 |b 2610705176  |c 2-1204.836,3  |l Vol.výběr  |r VV 1p  |n 29  |p kup  |h 94(437.32) BRN  |w 001476676  |u 000030  |a 0  |e BOA001  |j MZK50  |s A